000
00343 a2200157 4500
001
165459
020
_a
040
_c
Magnum
100
_a
Stanislavski, Constantin
240
1
0
_a
A criacao de um papel
_l
por
245
1
0
_a
A criacao de um papel
362
0
_a
1899
440
1
_a
Civilização Brasileira
697
_a
TEATRO
942
_c
BK
999
_c
165459
_d
165459